000 01407nam a2200241Ia 4500
999 _c41307
_d41307
001 7964
003 GE_BSU
005 20221003130540.0
008 181216s2013ge xx |||||||||||||| ||geo||
020 _a9789941434631.
040 _cGE_BSU
041 _ageo
080 _a617.55-089(075.8) ც-51
100 _aცეცხლაძე გივი.
_96885
245 _aმუცლის ღრუს ორგანოთა დაავადებების სასაწრაფო-გადაუდებელი ქირურგია :
_bწიგნი განკუთვნილია სტუდ.და დამწყები ქირურგებისათვის:სახელმძღვ. /
_cგივი ცეცხლაძე; ზურაბ ჩომახაშვილი; რედ. რენე თანდილავა.
264 _aბათუმი :
_bშოთა რუსთაველის სახელმწ.უნ-ტის გამ-ბა,
_c2013.
300 _a612 გვ.:
_bილ;
_c26 სმ.
653 _aსასაწრაფო-გადაუდებელი ქირურგია.
653 _aმედიცინა
700 _aჩომახაშვილი, ზურაბ.
_96881
700 _aთანდილავა, რენე
_eრედაქტორი
_914964
942 _cBK
_2udc